[Event "Hoogovens"]
[Site "Wijk aan Zee 55"]
[Date "1993.??.??"]
[Round "5.4"]
[White "Karpov, Anatoly"]
[Black "Illescas Cordoba, Miguel"]
[Result "1/2-1/2"]
[WhiteElo "2725"]
[BlackElo "2615"]
[Annotator "JvR"]
[PlyCount "163"]
[EventDate "1993.??.??"]
[EventCountry "NED"]

1. Nf3 Nf6 2. c4 e6 3. d4 d5 4. Nc3 c6 5. e3 Nbd7 6. Bd3 dxc4 7. Bxc4 b5 8. Be2
Bb7 9. O-O a6 10. a3 c5 11. dxc5 Bxc5 12. b4 Be7 13. Qb3 O-O 14. Rd1 Qc7 15.
Bb2 Rac8 16. Rac1 Qb8 {All moves were played in Porreca - Van Scheltinga,
Dubrovnik 1950.} 17. a4 $5 bxa4 18. Qxa4 Nb6 $1 19. Qb3 Ng4 20. e4 Bf6 21. Bd3
Nd7 22. Ne2 $6 ({Not} 22. Bxa6 $2 Qa7 $1 23. Bxb7 $2 Nxf2 $1) ({Best is} 22.
Be2 $1) 22... Nde5 $1 23. Nxe5 Bxe5 24. g3 Bxb2 (24... Qa7 $1 25. Rf1 Qa8 $1
26. Nc3 Rfd8 {takes the initiative.}) 25. Qxb2 Ne5 26. Bb1 Nf3+ 27. Kg2 Ng5 28.
f3 f5 29. Rd7 $1 e5 $1 30. Nc3 $2 (30. Qd2 $1 h6 $1 31. Ba2+ Kh8 {(Illescas)}
32. Nf4 $1 exf4 $2 33. Qd4 $1 {counters strongly.}) 30... fxe4 31. fxe4 Bc6 32.
Rd2 Qb7 33. h4 Nxe4 34. Bxe4 Bxe4+ 35. Kh2 Bc6 36. Re1 Rce8 37. Nd1 e4 $6 {
Hereafter White blockades the extra pawn by a knight or rook.} 38. Ne3 Bb5 39.
Qd4 Bd3 40. Qd5+ Qxd5 41. Nxd5 h6 42. Nf4 Bb5 43. Re3 Rf6 44. Rd4 Bc6 45. Kg1
Kf7 46. Rc4 Rd6 47. Rec3 Bb5 48. Rc7+ Re7 49. Rxe7+ Kxe7 50. Kf2 Kf6 51. Rc5
Rc6 52. Nh5+ Kf7 53. Rf5+ Kg6 54. Re5 Rc4 55. g4 Kf7 56. g5 Rxb4 57. Ke3 {
Finally, the king blockades. Karpov looks nervous.} Rb3+ $6 ({Illescas
mentions the win} 57... a5 $1 58. gxh6 gxh6 59. Rxe4 Rxe4+ 60. Kxe4 a4 61. Kd4
a3 62. Kc3 Bc4 $1) 58. Kxe4 Rb4+ 59. Ke3 Rxh4 60. gxh6 gxh6 61. Nf4 Kf6 62. Rd5
Rh1 63. Nh5+ Kf7 64. Ng3 Rh2 65. Rd6 h5 66. Ne4 Kg7 67. Kf4 h4 68. Ng5 Rb2 $2 (
{Better is} 68... Rc2 $1 69. Ne6+ Kf7 $1 {(Black has previously prevented Nc5)}
70. Ng5+ Kf8 71. Rh6 Rc4+ 72. Ke5 Kg7 73. Rd6 Rc5+ 74. Kf4 Rc6 $1 {and
Illescas seems to win.}) 69. Ne6+ Kg8 70. Kg4 Rb4+ 71. Rd4 Rb2 72. Kxh4 Rc2 73.
Rf4 a5 74. Nd4 Rb2 75. Rf5 Rb4 76. Rxb5 Rxd4+ 77. Kg3 Ra4 78. Kf2 Ra1 79. Ke2
a4 80. Kd2 a3 81. Ra5 a2 82. Kc2 {Karpov had won the final by 21/2-11/2.}
1/2-1/2

[Event "Candidates FIDE match"]
[Site "Wijk aan Zee 56"]
[Date "1994.??.??"]
[Round "2"]
[White "Lautier, Joel"]
[Black "Timman, Jan"]
[Result "0-1"]
[WhiteElo "2625"]
[BlackElo "2620"]
[Annotator "JvR"]
[PlyCount "126"]
[EventDate "1994.??.??"]
[EventCountry "NED"]

{FIDE scheduled Candidates' matches for January. The six matches were invited
for Wijk aan Zee 1994. Timman participated.} 1. d4 Nf6 2. c4 e6 3. Nc3 Bb4 4.
Qc2 O-O 5. a3 Bxc3+ 6. Qxc3 b6 7. Bg5 c5 8. dxc5 bxc5 9. e3 d6 10. Bd3 Nbd7 11.
Ne2 Qb6 $5 12. Rd1 Rb8 13. Rd2 Ba6 14. Bf4 $5 {White threatens 15. Bxd6.} e5
15. Bg3 Qc6 16. O-O Rb6 17. Nc1 Bb7 18. f3 e4 $1 {Timman takes the initiative.}
19. Bb1 d5 $5 20. Nb3 (20. cxd5 $1 Nxd5 21. Bxe4 N7f6 22. Bxd5 Nxd5 23. Qd3 {
gains a plus.}) 20... Ba8 21. Na5 Qe6 22. f4 Re8 $6 23. Re1 $6 (23. f5 $1 {
utilises an opportunity.}) 23... Ra6 24. Rdd1 Qb6 25. b4 cxb4 26. axb4 Rb8 27.
cxd5 Nxd5 28. Qc4 N7f6 29. Ba2 Rf8 $1 30. Rb1 (30. Rc1 $5 {sets the trap} Nxe3
$4 31. Qxf7+ $1) 30... Nxe3 31. Qe2 Ned5+ $2 (31... Nd1+ $1 {(Timman)} 32. Bf2
Nxf2 33. Qxf2 Bd5 34. Bxd5 Nxd5 35. Qxb6 axb6 36. Nc6 f5 {wins the game.}) 32.
Bf2 Qe6 $2 ({Right is} 32... e3 {(Timman).}) 33. Bc4 $4 {Many mistakes are
made in time troubles.} (33. f5 $1 Qc8 34. Rbc1 Nf4 35. Qb5 {wins.}) 33... Rb6
$1 34. Bxb6 $2 Qxb6+ 35. Qf2 e3 $1 36. Qh4 Nc3 $5 37. Rb3 Nfe4 $1 38. h3 Qd4 $1
39. Kh2 Nd2 40. Rxc3 Qxc3 41. f5 Qc2 42. Re2 Qxf5 43. Rxe3 Ne4 44. Rf3 Qe5+ 45.
Qf4 Qe7 46. Rd3 Nf6 47. Qd4 h6 48. Qc5 Qe4 49. Rg3 Qf4 50. Qe3 Qd6 51. Qd3 Qe5
52. Qc3 Qf4 53. Qe3 Qb8 54. Kg1 Qxb4 55. Qxa7 Qe1+ 56. Kh2 Qe5 57. Bxf7+ $1
Rxf7 58. Qxa8+ Rf8 59. Qb7 Ne4 60. Qb3+ Kh8 61. Nc4 Qc7 62. Qa3 Rd8 63. Nb2 Nd2
$1 {Timman won by 41/2-31/2 despite technical defects. When I visited Wijk aan
Zee, I saw players of a new generation, such as Kamsky, Anand and Kramnik.} ({
The pointe is} 63... Nd2 64. h4 Nf1+ 65. Kh3 Qc8+ 66. Rg4 h5) 0-1

[Event "Hoogovens"]
[Site "Wijk aan Zee 56"]
[Date "1994.??.??"]
[Round "2"]
[White "Morovic Fernandez, Ivan"]
[Black "Nikolic, Predrag"]
[Result "0-1"]
[WhiteElo "2605"]
[BlackElo "2625"]
[Annotator "JvR"]
[PlyCount "118"]
[EventDate "1994.??.??"]
[EventCountry "NED"]

{The regular event became a main group of ten players. Nikolic played the
chief role.} 1. e4 e6 2. d4 d5 3. Nc3 Bb4 4. e5 c5 5. a3 Bxc3+ 6. bxc3 Ne7 7.
Nf3 Bd7 8. h4 Ba4 9. h5 h6 10. Bd3 Nd7 $5 11. Rh3 Qc7 12. Kf1 O-O-O 13. Bf4 Kb8
14. Qd2 Rc8 15. Rg3 c4 16. Be2 Nf5 17. Rh3 Qd8 18. g4 Ne7 19. Nh4 Ka8 20. Be3
Qg8 21. f4 g6 22. hxg6 fxg6 {Black manoeuvres more freely.} 23. Nf3 Qg7 24. Kf2
Rhe8 25. Rah1 Ng8 26. Rg3 Rf8 27. Kg2 Rc6 28. Nh4 Qh7 29. Nf3 Nb8 30. Bd1 Rb6
31. Qc1 Qe7 32. Nh4 Be8 33. Kg1 Ra6 34. Ng2 Qxa3 {White has to start a
counteraction.} 35. Qd2 $6 ({The counter} 35. Qxa3 Rxa3 36. f5 $1 {gives
enough compensation for the pawn.}) 35... Rb6 36. f5 $1 g5 $6 {Black should
open the position and start a general battle.} 37. Rf3 Rb1 38. Kh2 exf5 39.
gxf5 Nc6 40. Rf2 Qe7 41. Rhf1 Qh7 42. f6 Bd7 43. Qe2 $6 (43. Bh5 Rxf1 44. Rxf1
{prevents an attack.}) 43... g4 $1 44. Bd2 Qf7 45. Ne3 a5 $5 46. Re1 h5 47. Nf5
Qg6 48. Nh4 Qh7 49. e6 $2 Nxf6 $1 50. Kg1 $5 ({Not} 50. exd7 $2 g3+ $1 51. Kxg3
Ne4+ 52. Qxe4 Rg8+) 50... Be8 51. Qf1 Qg7 52. Nf5 Qc7 53. Bf4 Qb6 $6 54. Bd6 $6
Rh8 55. Bc5 Qc7 56. Nd6 Ne4 57. Rf7 Bxf7 58. exf7 Rf8 59. Nxe4 Rxf7 0-1

[Event "Hoogovens"]
[Site "Wijk aan Zee 56"]
[Date "1994.??.??"]
[Round "3"]
[White "Van Wely, Loek"]
[Black "Piket, Jeroen"]
[Result "0-1"]
[WhiteElo "2570"]
[BlackElo "2605"]
[Annotator "JvR"]
[PlyCount "64"]
[EventDate "1994.??.??"]
[EventCountry "NED"]

1. d4 d5 2. c4 c6 3. Nf3 Nf6 4. Nc3 e6 5. Bg5 dxc4 6. e4 b5 7. e5 h6 8. Bh4 g5
9. Nxg5 hxg5 10. Bxg5 Nbd7 11. g3 Bb7 12. Bg2 Qb6 13. exf6 O-O-O 14. O-O c5 15.
d5 b4 16. Na4 Qb5 17. a3 exd5 18. axb4 cxb4 19. Re1 d4 20. Qxd4 Bxg2 21. Kxg2
Qxg5 22. Qxc4+ Kb8 23. Red1 $6 ({Known are} 23. Rad1) ({and} 23. Rac1) 23...
Rc8 ({The possibility} 23... Qf5 $1 24. Rd5 {(Piket)} Rxh2+ $1 25. Kxh2 Qxf2+
26. Kh3 Bd6 27. Rb5+ Nb6 28. Qh4 {presumably equalises.}) 24. Qa6 $2 {Van Wely
misses the draw.} (24. Qxf7 $1 Ne5 25. Qd5 Qxf6 26. Qb5+ Kc7 {leads to
perpetual check (Lazarev - Piket, Leiden 1995).}) 24... Qf5 $1 25. Nb6 Rxh2+ (
25... Qh3+ $1 {wins more quickly.}) 26. Kxh2 Qxf2+ 27. Kh3 ({No use has} 27.
Kh1 Qf3+ 28. Kg1 Bc5+ 29. Kh2 Rh8#) 27... Qf5+ 28. g4 Qf3+ 29. Kh4 ({Or} 29.
Kh2 Rc2+) 29... Qf2+ 30. Kh3 Qe3+ 31. Kh4 Qh6+ 32. Kg3 Bd6+ $1 {The encounter
between Van Wely and Piket became another spectacular fight.} (32... Bd6+ 33.
Rxd6 Qe3+ 34. Kg2 Rc2+ {finishes the game.}) 0-1

[Event "Hoogovens"]
[Site "Wijk aan Zee 56"]
[Date "1994.??.??"]
[Round "5"]
[White "Van Wely, Loek"]
[Black "Nikolic, Predrag"]
[Result "0-1"]
[WhiteElo "2570"]
[BlackElo "2625"]
[Annotator "JvR"]
[PlyCount "56"]
[EventDate "1994.??.??"]
[EventCountry "NED"]

1. d4 d5 2. c4 dxc4 3. e4 e5 4. Nf3 Bb4+ 5. Nc3 exd4 6. Nxd4 Qh4 $5 {Usually
the queen moves through e7.} 7. Bxc4 Qxe4+ 8. Kf1 Bxc3 9. bxc3 Be6 10. Be2 $5 (
10. Qa4+ $1 {gave White an advantage inShirov - Hübner, Dortmund 1992.}) 10...
Qd5 11. Bf3 Qc4+ 12. Kg1 Nc6 13. Nxc6 bxc6 14. Ba3 Ne7 15. Qd2 Rd8 16. Qe3 $2 (
{The ingenious} 16. Qb2 $1 Qh4 17. Bc5 O-O 18. Qb4 Qxb4 19. cxb4 {equalises.})
16... Rd3 $1 17. Qc5 (17. Qe2 {prolongs the game.}) 17... Qxc5 18. Bxc5 Rxc3
19. Bxa7 c5 $1 {White will be incapable to save the imprisoned bishop.} 20. h4
Nc8 21. Bc6+ Ke7 22. Bb8 Kd6 23. Bb7 Kd7 24. Rd1+ Nd6 25. Ba7 c6 26. Rb1 Nb5
27. Bb6 Rb8 28. Rd1+ Bd5 {Nikolic won the main group convincingly by 7/9.} 0-1

[Event "Hoogovens"]
[Site "Wijk aan Zee 57"]
[Date "1995.??.??"]
[Round "4.1"]
[White "Khalifman, Alexander"]
[Black "Bareev, Evgeny"]
[Result "0-1"]
[WhiteElo "2645"]
[BlackElo "2675"]
[Annotator "JvR"]
[PlyCount "158"]
[EventDate "1995.??.??"]
[EventCountry "NED"]

{Thirty-two players began in the knockout system. Mini-matches of two games
were played before the final. The games were played in two days. A barrage
followed on day three if needed.   The Dutch public followed Timman. He beat
the youth champion Delemarre in the barrage of round one. Jeroen Piket was
foiled in the fifth game of round two. A fifth game was needed in round three
too. Bareev blundered a piece in the ending but won anyway. Local interest
waived for round four (the semifinals).} 1. c4 e5 2. Nc3 Nf6 3. Nf3 Nc6 4. g3
Bc5 5. Bg2 O-O 6. O-O d6 7. d3 h6 8. a3 a5 9. e3 Bb6 10. b3 Re8 $5 11. Bb2 Bg4
12. h3 Bh5 13. Qc2 Bg6 14. Nd2 Nd7 15. Nd5 Nc5 16. Ne4 Nxe4 17. dxe4 Ne7 $2 ({
Better is} 17... Bc5 $1) 18. Nxb6 cxb6 19. Rfd1 Qc7 20. Qd3 {Long manoeuvring
against d6 begins.} Rad8 21. Rac1 f6 22. a4 Qc5 23. Ra1 Bf7 24. Ba3 Qc6 25. Rd2
Nc8 26. Qe2 Rd7 27. Rad1 Qc7 28. Rd3 Red8 29. R1d2 Qc6 30. Qg4 Re8 31. Kh2 Kh7
32. h4 Bg6 33. Qf3 Kh8 34. Qg4 Bh7 35. h5 Red8 36. Qh4 Re7 37. Rd1 Ree8 38.
R3d2 Re7 39. Kg1 Ree8 40. Rd5 Bg8 41. R5d3 Bh7 42. R1d2 Re7 43. f3 Bg8 44. Kf2
Qe8 45. Qh1 Red7 46. Bh3 $5 Be6 $6 47. Bf5 Bxf5 48. exf5 b5 $5 49. axb5 a4 $1
50. g4 axb3 51. Qd1 b2 52. Rxb2 Nb6 53. Qb3 Rc8 54. Rc2 Qg8 $1 55. Rxd6 $2 {
White loses his edge.} ({Accurate is} 55. e4 $1 Nxc4 56. Rdc3 Kh7 $1 57. Rxc4
Rdc7 58. Rxc7 Qxb3 59. Rxc8 Qxa3 60. Rd2 {and Khalifman keeps a plus.}) 55...
Rxd6 56. Bxd6 Nxc4 $1 57. Bb4 Qd5 {Suddenly, White experiences troubles.} 58.
Be1 $2 (58. Bd2 $1 e4 59. f4 {draws (Bareev).}) 58... e4 $2 59. Rc1 exf3 60.
Rd1 Qe5 61. Kxf3 Qh2 $1 {Black enters the hostile position.} 62. Bg3 Nd2+ 63.
Rxd2 Qxd2 64. Bf4 Rc2 65. Ke4 Qg2+ 66. Kd4 Rb2 67. Qf7 Qd2+ 68. Kc5 Qb4+ 69.
Kb6 Qxb5+ 70. Kc7 Qa5+ 71. Kd7 Rd2+ 72. Bd6 Qe5 73. Qe6 Qb5+ 74. Ke7 Qb6 75.
Qd7 Kh7 76. e4 Qc6 77. Qd8 Qxe4+ 78. Kf8 Qd5 79. Ke7 b5 {Bareev had swindled
another opponent, won by 11/2-1/2 and entered the final.} 0-1

[Event "Hoogovens"]
[Site "Wijk aan Zee 57"]
[Date "1995.??.??"]
[Round "4.1"]
[White "Short, Nigel"]
[Black "Dreev, Alexey"]
[Result "0-1"]
[WhiteElo "2640"]
[BlackElo "2650"]
[Annotator "JvR"]
[PlyCount "78"]
[EventDate "1995.??.??"]
[EventCountry "NED"]

1. e4 e6 2. d4 d5 3. Nc3 Be7 4. Bd3 dxe4 5. Nxe4 Nf6 6. Nf3 Nbd7 7. c3 c5 8.
Nxc5 Bxc5 $5 9. dxc5 Nxc5 10. Be2 Qxd1+ 11. Kxd1 $5 b6 12. Ne5 Bb7 13. f3 Ke7
14. Kc2 Rhd8 15. Re1 Nd5 16. Bd2 Rac8 17. Rad1 f6 18. Nc4 Ba6 19. b3 Na4 $1 {
Dreev has the initiative in the middle game without queens.} 20. f4 g6 21. g4
Nc5 22. Nb2 $6 Bxe2 23. Rxe2 f5 $1 24. gxf5 gxf5 25. c4 Ne4 {Black threatens
pawn f4. Short decides to protect the weakling.} 26. Nd3 $2 ({The counter} 26.
Rg1 $1 Nxd2 $5 27. Rxd2 Nxf4 28. Rg7+ Kf6 29. Rxa7 {brings about equal chances.
}) 26... b5 $1 27. Ne5 bxc4 28. bxc4 Nxd2 29. Rdxd2 Nxf4 30. Rxd8 Kxd8 31. Rd2+
Ke7 32. Kc3 Rc7 33. a4 Ng6 34. Nf3 Kf6 35. Rd6 Nf8 36. a5 Nd7 37. Nd4 Nc5 38.
Kb4 Ke5 39. Nb5 a6 $1 {Short exceeded the time limit.   Dreev won the
mini-match by 11/2-1/2. The final became Bareev - Dreev.} (39... a6 40. Rd5+ $1
exd5 41. Nxc7 dxc4 42. Kxc4 Nb7 {leads to a won knight ending (Dreev).}) 0-1

[Event "Hoogovens"]
[Site "Wijk aan Zee 57"]
[Date "1995.??.??"]
[Round "5.1"]
[White "Bareev, Evgeny"]
[Black "Dreev, Alexey"]
[Result "0-1"]
[WhiteElo "2675"]
[BlackElo "2650"]
[Annotator "JvR"]
[PlyCount "108"]
[EventDate "1995.??.??"]
[EventCountry "NED"]

1. d4 d5 2. c4 c6 3. Nf3 Nf6 4. Nc3 e6 5. Bg5 h6 6. Bxf6 Qxf6 7. e3 Nd7 8. Bd3
dxc4 9. Bxc4 g6 10. O-O Bg7 11. Qc2 O-O 12. Ne4 $1 {Bareev takes the
initiative.} Qe7 13. Bb3 Rd8 14. Rad1 a5 $5 15. a3 Ra6 16. Rd2 Nf6 17. Nc5 $1 {
White controls more territory.} Ra7 18. Ne5 Bd7 19. Rfd1 Be8 20. Na4 Raa8 21.
e4 Qc7 22. Nf3 $6 (22. f4 $1 {continues the restraint.}) 22... Rac8 23. e5 Nd7
$1 24. Rc1 c5 $1 {Dreev changes from a passive defence to counter-play and
makes a freeing move.} 25. Qe4 b6 $1 {Pawn e5 has become a weak point in need
of overprotection.} 26. g3 $2 ({Correct is} 26. Re2 $1 Qb8 27. d5 $1) 26... Qb8
$1 27. d5 Nxe5 28. Nxe5 Qxe5 29. Qxe5 Bxe5 30. Nxb6 (30. Re2 Bxa4 31. Bxa4 Rxd5
{also favours Black (Dreev).}) 30... Rb8 31. Nc4 Bd4 $6 ({Better is} 31... Bf6
$1 32. Nxa5 Rb5 $1) 32. Nxa5 $1 exd5 33. Ba2 Rxb2 34. Rxb2 Bxb2 35. Rxc5 d4 36.
Nc4 Bc1 37. Ne5 $2 (37. Bb3 $1 {tries to survive (Dreev).}) 37... Bxa3 38. Rc7
Kf8 $1 39. Nxf7 $1 Ra8 40. Nxh6 Bd6 41. Rc2 d3 42. Rd2 Bb4 43. Rxd3 Rxa2 44.
Ng4 Bc6 45. Ne3 Re2 $1 46. Rd1 Bc5 47. Kf1 Bf3 48. Re1 Ra2 49. h4 Kg7 50. Rc1
Bb6 51. Rb1 Bd4 52. Rc1 Kh6 53. Rb1 Bxe3 54. fxe3 Rg2 {Dreev won a fine
strategic game.} 0-1

[Event "Hoogovens"]
[Site "Wijk aan Zee 57"]
[Date "1995.??.??"]
[Round "5.3"]
[White "Bareev, Evgeny"]
[Black "Dreev, Alexey"]
[Result "1/2-1/2"]
[WhiteElo "2675"]
[BlackElo "2650"]
[Annotator "JvR"]
[PlyCount "150"]
[EventDate "1995.??.??"]
[EventCountry "NED"]

1. d4 d5 2. c4 c6 3. Nf3 Nf6 4. Nc3 e6 5. Bg5 h6 6. Bh4 dxc4 7. e4 g5 8. Bg3 b5
9. Be2 Bb7 10. O-O Nbd7 11. d5 cxd5 12. exd5 Nxd5 13. Nxb5 a6 14. Nd6+ Bxd6 15.
Bxd6 {Bareev plays a gambit line of the Slav Defence, because he wants to win.}
Qb6 $1 ({Dreev betters on} 15... N7b6 {(Neurohr - Ribli, Germany 1990).}) 16.
Bg3 Rc8 17. Rc1 c3 $1 18. Ne5 $1 {White keeps the initiative by a second pawn
sacrifice.} cxb2 19. Rxc8+ Bxc8 20. Qc2 O-O 21. Nc4 Qd4 22. Rb1 Nc3 23. Rxb2
Ne4 24. Nd2 Nxg3 25. hxg3 Nc5 26. Nf3 Qd6 27. Rb4 Bb7 28. Rc4 Nd7 29. Rd4 Bd5 {
Black has overtaken the initiative.} 30. Qd2 Ne5 31. Nxe5 Qxe5 32. Bxa6 Ra8 33.
Ra4 $2 {Errors are made under time pressure.} Kg7 $2 ({Right is} 33... Bb7 $1
34. Ra5 (34. Bb5 Rxa4 35. Bxa4 Qe4 $1) 34... Qc7 $1 {(Dreev).}) 34. Ra5 $2 Rxa6
$1 35. Rxa6 Qa1+ 36. Kh2 Qf1 $1 37. Qc3+ Kg6 $1 38. Qc2+ f5 $1 39. Rxe6+ Bxe6
40. g4 Qe1 {Black has won a piece.} 41. gxf5+ Bxf5 42. Qc5 Qe4 43. f3 Qh4+ 44.
Kg1 Qe1+ 45. Kh2 h5 $5 46. a4 $1 Qh4+ 47. Kg1 Qe1+ ({The alternative is} 47...
Qxa4 $6 48. Qd6+ Kf7 49. Qd5+ Be6 50. Qxg5) 48. Kh2 h4 49. Qd6+ Qe6 50. Qb8 Bd3
51. a5 Qf6 52. Qg8+ Kh6 53. Qd5 Be2 54. Qc5 Qe6 55. Qf8+ Kh7 56. Qc5 Kg6 57.
Qc2+ Kf6 58. Kh1 h3 59. Qh7 hxg2+ 60. Kxg2 Qf5 61. Qb7 Qb5 62. Qe4 Bc4 63. Qd4+
Ke6 64. Qe4+ Kf6 65. Qd4+ Kf7 66. Kg3 Be6 67. Qa7+ Kg6 68. Qb6 $1 Qe5+ 69. Kg2
Kh5 70. Qb1 Kh6 71. Qb6 Kh5 72. Qb1 Bf5 73. Qa2 Bd3 $2 {Dreev lacks time.} ({
Better is} 73... Qe6 74. Qd2 Qc4 {and the restriction continues.}) 74. a6 $1 g4
$5 75. fxg4+ Kxg4 {Dreev only led by 2-1 and had to play the fourth game.}
1/2-1/2

[Event "Hoogovens"]
[Site "Wijk aan Zee 58"]
[Date "1996.??.??"]
[Round "3"]
[White "Ivanchuk, Vassily"]
[Black "Shirov, Alexei"]
[Result "1-0"]
[WhiteElo "2735"]
[BlackElo "2690"]
[Annotator "JvR"]
[PlyCount "69"]
[EventDate "1996.??.??"]
[EventCountry "NED"]

{The main event had gone back to all-play-all. Fourteen players competed.} 1.
d4 d5 2. c4 c6 3. Nc3 Nf6 4. Nf3 e6 5. Bg5 dxc4 6. e4 b5 7. e5 h6 8. Bh4 g5 9.
Nxg5 hxg5 10. Bxg5 Nbd7 11. exf6 Bb7 12. g3 c5 13. d5 Qb6 14. Bg2 O-O-O 15. O-O
b4 16. Na4 Qb5 17. a3 exd5 18. axb4 cxb4 19. Be3 Nc5 20. Qg4+ Rd7 $5 ({Theory
is} 20... Kb8 {(Agzamov - Chandler, Belgrade 1982).}) 21. Qg7 $5 ({The prosaic
} 21. Nxc5 $1 Bxc5 {(Van Wely - Shirov, Monte Carlo 2004)} 22. Qg7 $1 Rdd8 23.
Qxf7 {favours White.}) 21... Bxg7 22. fxg7 Rg8 23. Nxc5 d4 $6 (23... Rc7 24.
Nxb7 Rxb7 25. Rfd1 {brings a black plus (Lavrov - Keosidi, Tomsk 2003).}) ({
The elegant} 23... Rxg7 24. Bh3 f5 $1 25. Bxf5 Rgf7 {gives equality (Ernst -
Hermansson, Stockholm 2002).}) 24. Bxb7+ Rxb7 25. Nxb7 Qb6 $1 26. Bxd4 $3 Qxd4
27. Rfd1 Qxb2 $2 (27... Qg4 $1 28. Nd6+ Kb8 29. Re1 Rxg7 {accepts a small
disadvantage.}) 28. Nd6+ Kb8 29. Rdb1 Qxg7 ({Or} 29... Qd2 30. Nxc4 Qc3 31. Ra4
$1 b3 32. Na5 $1 b2 33. Rb4+ $1 {(Shirov).}) 30. Rxb4+ Kc7 31. Ra6 $1 {White
dominates the board.} Rb8 32. Rxa7+ $1 Kxd6 33. Rxb8 Qg4 34. Rd8+ Kc6 35. Ra1
1-0

[Event "Hoogovens"]
[Site "Wijk aan Zee 58"]
[Date "1996.??.??"]
[Round "4"]
[White "Sokolov, Ivan"]
[Black "Topalov, Veselin"]
[Result "1-0"]
[WhiteElo "2665"]
[BlackElo "2700"]
[Annotator "JvR"]
[PlyCount "57"]
[EventDate "1996.??.??"]
[EventCountry "NED"]

1. d4 Nf6 2. c4 e6 3. Nc3 c5 4. d5 exd5 5. cxd5 d6 6. e4 g6 7. f4 Bg7 8. Bb5+
Nbd7 $5 {Toppy chooses a risky line.} 9. e5 dxe5 10. fxe5 Nh5 11. e6 Qh4+ 12.
g3 Nxg3 13. hxg3 Qxh1 14. Be3 Bxc3+ 15. bxc3 a6 16. exd7+ Bxd7 17. Bxd7+ Kxd7
18. Qb3 $5 {Sokolov plays a fine novelty.} b5 19. O-O-O Rhe8 20. Bxc5 Rac8 $6 {
Topalov misses the counter.} (20... Qg2 $1 21. d6 Re6 {leads to chances for
both sides.}) 21. Bd4 Qg2 $2 ({Better is} 21... Rc4 $1 {(Sokolov)} 22. Qb2 Qh6+
23. Kb1 Qh5) 22. Qa3 $1 Qxg3 23. Qxa6 Rxc3+ $5 24. Kb2 $1 Rcc8 (24... Qg2+ $5
25. Kxc3 $1 Rc8+ 26. Kd3 Qc2+ 27. Ke3 Re8+ 28. Kf4 Qf5+ 29. Kg3 {leads to an
escape from the checks (Ftacnik).}) 25. Qxb5+ Kd6 26. Ka1 Qa3 27. Bb2 Qc5 28.
Qa6+ Kd7 29. Qa4+ $1 {Sokolov started by 3/4.} 1-0

[Event "Hoogovens"]
[Site "Wijk aan Zee 58"]
[Date "1996.??.??"]
[Round "5"]
[White "Anand, Viswanathan"]
[Black "Sokolov, Ivan"]
[Result "0-1"]
[WhiteElo "2725"]
[BlackElo "2665"]
[Annotator "JvR"]
[PlyCount "96"]
[EventDate "1996.??.??"]
[EventCountry "NED"]

1. e4 e5 2. Nf3 Nc6 3. Bb5 a6 4. Ba4 Nf6 5. O-O Be7 6. Re1 b5 7. Bb3 O-O 8. a4
b4 9. d3 d6 10. a5 Bg4 11. Be3 d5 $5 {Sokolov plays another sharp game.} 12.
Nbd2 $1 h6 13. h3 d4 14. hxg4 dxe3 15. fxe3 Nxg4 16. Bd5 Qd7 17. Nc4 Bf6 18.
Nfd2 $1 {Anand sees a queen sacrifice.} h5 19. Rf1 Rad8 $2 ({Correct is} 19...
Rae8 $1 20. Rf5 $6 g6 21. Qxg4 $2 hxg4 22. Rxf6 Nd8 $1 {(Sokolov).}) 20. Rf5 $1
g6 21. Qxg4 $3 {Anand applies his brilliancy.} hxg4 22. Rxf6 Ne7 23. Bxf7+ Kg7
24. Raf1 Qb5 25. g3 $1 {Vishy prepares the next step in the attack.} Rd7 26.
R1f2 $1 Qc5 27. Nb3 Qa7 ({The elegant line} 27... Qb5 $1 28. d4 $1 exd4 29.
exd4 Kh8 $1 30. Ne5 $1 Rxd4 31. Nxg6+ Nxg6 32. Nxd4 Qe5 33. Nf5 $1 Qxf6 34.
Rh2+ Nh4 35. Bb3 Rf7 36. Bxf7 Qxf7 37. Rxh4+ {triumphs for White (Anand).}) 28.
Nxe5 $4 ({Right is} 28. Rxa6 $3 Qxa6 29. Nc5 Qc6 $1 {(Ivanchuk)} 30. Ne6+ Qxe6
31. Bxe6) 28... Qxe3 $1 29. Nxd7 Rh8 $1 30. Kg2 Rh3 31. Bxg6 Nxg6 32. Kf1 Rh1+
$2 (32... Rxg3 {wins for Black.}) 33. Kg2 Rd1 34. Rxg6+ Kxg6 35. Ne5+ Kg7 36.
Nxg4 Qe1 37. Kf3 $2 (37. Kh3 $1 Qh1+ 38. Nh2 Qg1 39. Rf5 $1 {creates a safe
haven for the white king.}) 37... Qh1+ 38. Kf4 Rf1 39. Ke3 Qg1 $1 40. Kf3 $6
Rxf2+ 41. Nxf2 Qb1 $1 42. Nd4 Qxb2 43. Nf5+ Kf7 44. Ne3 Qa2 45. e5 Qxa5 46. d4
Qa1 47. Ke4 a5 48. d5 a4 {Sokolov had achieved 4/5.} 0-1

[Event "Hoogovens"]
[Site "Wijk aan Zee 58"]
[Date "1996.??.??"]
[Round "6"]
[White "Sokolov, Ivan"]
[Black "Ivanchuk, Vassily"]
[Result "0-1"]
[WhiteElo "2665"]
[BlackElo "2735"]
[Annotator "JvR"]
[PlyCount "66"]
[EventDate "1996.??.??"]
[EventCountry "NED"]

1. d4 Nf6 2. c4 e6 3. Nc3 Bb4 4. Qc2 O-O 5. a3 Bxc3+ 6. Qxc3 b6 7. Bg5 Bb7 8.
e3 d6 9. c5 $5 {Sokolov plays a strange novelty.} Nc6 10. Nf3 h6 11. Bh4 g5 12.
Bg3 bxc5 13. dxc5 Ne4 14. Qc2 f5 15. Bb5 Rc8 16. Nd2 Nxd2 17. Qxd2 Qf6 18. h4
f4 19. hxg5 hxg5 20. exf4 $2 ({Better is} 20. Qc2 Rf7 21. Bh2) 20... gxf4 21.
Rh4 $6 ({Simple is} 21. Bh4 Qe5+ 22. Qe2 {(Dautov).}) 21... Qe5+ $1 22. Kf1
fxg3 23. Rg4+ Kf7 24. Re1 Qxc5 $2 (24... Qh5 $1 25. Qf4+ Ke7 {wins for Black.})
25. Qf4+ Ke8 26. Rxe6+ Kd7 27. Rg7+ $1 Kxe6 28. Rg6+ $2 (28. Bc4+ $1 d5 29.
Qg4+ Rf5 {(Sokolov)} 30. Qg6+ $1 {brings perpetual check.}) 28... Kd7 $2 29.
Rg7+ Ke6 30. Rg6+ $2 Kd5 $1 {Ivanchuk has found the right way.} 31. Qd2+ Qd4
32. Bxc6+ Kxc6 $1 33. Qxd4 Ba6+ {Sokolov was beat by the future winner.} 0-1